Language development and neurological theory
Saved in:
| Main Authors: | , |
|---|---|
| Format: | Bog |
| Sprog: | engelsk |
| Udgivet: |
Nueva York
Academy press
1975
|
| Fag: | |
| Tags: |
Tilføj Tag
Ingen Tags, Vær først til at tagge denne postø!
|
MARC
| LEADER | 00000nam a2200000 a 4500 | ||
|---|---|---|---|
| 001 | UCJ2831 | ||
| 003 | CL-VaPUC | ||
| 008 | 070119e19750000US |||||||||||||||||eng|d | ||
| 020 | |a 0126356505 | ||
| 082 | 0 | 4 | |a 371.914 |b SEG |2 21 |
| 100 | 0 | |a Segalowitz, Sidney J |e author |9 503831 | |
| 700 | 0 | |a Gruber, Frederic A |e author |9 503832 | |
| 245 | 1 | 0 | |a Language development and neurological theory |
| 300 | |a 376 p | ||
| 942 | |c BK | ||
| 945 | |d 20070119 00:00:00 |a jtorresc | ||
| 260 | |a Nueva York |b Academy press |c 1975 | ||
| 500 | |a Donación de la Dra. Marianne Peronard Thierry | ||
| 650 | 0 | |a Desarrollo del lenguaje |9 311270 | |
| 650 | 0 | |a Psicolingüística |9 283371 | |
| 650 | 0 | |a Neuropsicología |9 270837 | |
| 583 | |a last modification |c 20130102 10:27:47 |k Rodrigo Vera | ||
| 999 | |c 318960 |d 318958 | ||
| 952 | |0 0 |1 0 |4 0 |6 371_914000000000000_SEG_1975 |7 0 |8 A |9 397179 |a FDOPOS |b FDOPOS |d 2019-11-22 |i 431641K |o 371.914 SEG 1975 |p 431641K |r 2025-01-22 |w 2019-11-22 |y BK |k MLA | ||